All Administrative Divisions of Countries Pt. 7 - Statistics

General Stats
  • This quiz has been taken 11 times
  • The average score is 64 of 411
Answer Stats
Country Answer % Correct
Switzerland Bern
80%
Spain Catalonia
80%
Switzerland Geneva
80%
Switzerland Zürich
80%
Spain Andalusia
70%
Turkey Ankara
70%
Spain Asturias
70%
Spain Balearic Islands
70%
Spain Basque
70%
Spain Canary Islands
70%
Syria Damascus
70%
Spain Galicia
70%
Turkey Istanbul
70%
Spain Madrid
70%
Switzerland St. Gallen
70%
Switzerland Ticino
70%
Turkmenistan Ahal
60%
Syria Aleppo
60%
Spain Aragon
60%
Thailand Bangkok
60%
Spain Castilla-La Mancha
60%
Tanzania Dar es Salaam
60%
Spain Extremadura
60%
Spain Navarre
60%
Switzerland Schwyz
60%
Tunisia Tunis
60%
Switzerland Valais
60%
Spain Valencia
60%
Switzerland Aargau
50%
Turkey Antalya
50%
Switzerland Appenzell Ausserrhoden
50%
Switzerland Appenzell Innerrhoden
50%
Switzerland Basel-Landschaft
50%
Switzerland Basel-Stadt
50%
Spain Castile and León
50%
Sri Lanka Central
50%
Spain Ceuta
50%
Tajikistan Dushanbe
50%
Sri Lanka Eastern
50%
Turkey Edirne
50%
Switzerland Fribourg
50%
Switzerland Glarus
50%
Switzerland Graubünden
50%
Turkey İzmir
50%
Switzerland Jura
50%
Sudan Khartoum
50%
Turkey Konya
50%
Switzerland Luzern
50%
Spain Melilla
50%
Spain Murcia
50%
Switzerland Neuchâtel
50%
Switzerland Nidwalden
50%
Sri Lanka | Sudan Northern
50%
Switzerland Obwalden
50%
Switzerland Schaffhausen
50%
Sweden Skåne
50%
Switzerland Solothurn
50%
Sri Lanka Southern
50%
Sweden Stockholm
50%
Switzerland Thurgau
50%
Switzerland Vaud
50%
Sri Lanka Western
50%
Switzerland Zug
50%
Turkey Adana
40%
Turkmenistan Ashgabat
40%
Turkey Batman
40%
Turkey Bursa
40%
Spain Cantabria
40%
Tanzania Dodoma
40%
Turkey Gaziantep
40%
Sweden Gotland
40%
Spain La Rioja
40%
Sri Lanka North Western
40%
Suriname Para
40%
Suriname Paramaribo
40%
Thailand Phuket
40%
Taiwan Taipei
40%
Trinidad and Tobago Tobago
40%
Turkey Trabzon
40%
Sweden Uppsala
40%
Switzerland Uri
40%
Turkey Van
40%
Thailand Chiang Mai
30%
Turkey Diyarbakır
30%
Turkey Erzurum
30%
Syria Homs
30%
Turkey Kayseri
30%
Syria Latakia
30%
Taiwan New Taipei
30%
Turkey Samsun
30%
Tunisia Sfax
30%
Tunisia Sousse
30%
Thailand Chiang Rai
20%
Tuvalu Funafuti
20%
South Sudan Gok
20%
Sweden Halland
20%
Turkey Hatay
20%
Sweden Jönköping
20%
Sweden Kalmar
20%
Taiwan Kaohsiung
20%
Tanzania Kilimanjaro
20%
Turkey Kocaeli
20%
South Sudan Lol
20%
Turkey Mersin
20%
Thailand Nan
20%
Syria Raqqa
20%
Taiwan Taichung
20%
Taiwan Tainan
20%
Taiwan Taoyuan
20%
Turkey Ağrı
10%
South Sudan Akobo
10%
South Sudan Amadi
10%
Thailand Amnat Charoen
10%
Thailand Ang Thong
10%
Tanzania Arusha
10%
South Sudan Aweil
10%
South Sudan Aweil East
10%
Turkmenistan Balkan
10%
Tunisia Béja
10%
South Sudan Bieh
10%
Tunisia Bizerte
10%
Sweden Blekinge
10%
Turkey Bolu
10%
South Sudan Boma
10%
Thailand Bueng Kan
10%
Thailand Buriram
10%
Turkey Çanakkale
10%
South Sudan Central Upper Nile
10%
Thailand Chachoengsao
10%
Thailand Chai Nat
10%
Thailand Chaiyaphum
10%
Thailand Chanthaburi
10%
Thailand Chonburi
10%
Thailand Chumphon
10%
Syria Daraa
10%
Sudan East Darfur
10%
South Sudan Eastern Lake
10%
Turkey Eskişehir
10%
South Sudan Fangak
10%
South Sudan Fashoda
10%
South Sudan Gbudwe
10%
South Sudan Gogrial
10%
Syria Hama
10%
Syria Idlib
10%
Turkey Iğdır
10%
South Sudan Imatong
10%
South Sudan Jonglei
10%
South Sudan Jubek
10%
Thailand Kalasin
10%
Thailand Kamphaeng Phet
10%
Thailand Kanchanaburi
10%
Turkey Kars
10%
Thailand Khon Kaen
10%
Sweden Kronoberg
10%
Thailand Lampang
10%
Thailand Lamphun
10%
South Sudan Latjor
10%
Thailand Loei
10%
Thailand Lopburi
10%
Thailand Mae Hong Son
10%
Thailand Maha Sarakham
10%
South Sudan Maiwut
10%
Turkey Mardin
10%
South Sudan Maridi
10%
Turkmenistan Mary
10%
Thailand Mukdahan
10%
Tanzania Mwanza
10%
Thailand Nakhon Nayok
10%
Thailand Nakhon Pathom
10%
Thailand Nakhon Ratchasima
10%
Thailand Nakhon Sawan
10%
Thailand Nakhon Si Thammarat
10%
Thailand Narathiwat
10%
Thailand Nong Bua Lamphu
10%
Thailand Nong Khai
10%
Thailand Nonthaburi
10%
Sweden Norrbotten
10%
Sudan North Darfur
10%
South Sudan Northern Liech
10%
South Sudan Northern Upper Nile
10%
Thailand Pathum Thani
10%
Thailand Pattani
10%
Thailand Phang Nga
10%
Thailand Phatthalung
10%
Thailand Phayao
10%
Thailand Phetchabun
10%
Thailand Phetchaburi
10%
Thailand Phitsanulok
10%
Thailand Phrae
10%
Thailand Prachinburi
10%
Thailand Prachuap Khiri Khan
10%
Trinidad and Tobago Princes Town
10%
Thailand Ranong
10%
Thailand Ratchaburi
10%
Thailand Rayong
10%
Sudan Red Sea
10%
Turkey Rize
10%
Thailand Roi Et
10%
South Sudan Ruweng
10%
Thailand Sa Kaeo
10%
Thailand Sakon Nakhon
10%
Thailand Samut Prakan
10%
Thailand Samut Sakhon
10%
Thailand Samut Songkhram
10%
Turkey Şanlıurfa
10%
Thailand Saraburi
10%
Thailand Satun
10%
Thailand Sing Buri
10%
Turkey Sinop
10%
Thailand Sisaket
10%
Turkey Sivas
10%
Thailand Songkhla
10%
Sudan South Darfur
10%
South Sudan Southern Liech
10%
Thailand Sukhothai
10%
Thailand Suphan Buri
10%
Thailand Surat Thani
10%
Thailand Surin
10%
Thailand Tak
10%
South Sudan Tambura
10%
Tanzania Tanga
10%
Syria Tartus
10%
South Sudan Terekeka
10%
South Sudan Tonj
10%
Thailand Trang
10%
Thailand Trat
10%
South Sudan Twic
10%
Thailand Ubon Ratchathani
10%
Thailand Udon Thani
10%
Thailand Uthai Thani
10%
Thailand Uttaradit
10%
South Sudan Wau
10%
Sudan West Darfur
10%
South Sudan Western Lake
10%
Thailand Yala
10%
Thailand Yasothon
10%
South Sudan Yei River
10%
Turkey Adıyaman
0%
Turkey Afyonkarahisar
0%
Turkey Aksaray
0%
Sudan Al Jazirah
0%
Sudan Al Qadarif
0%
Turkey Amasya
0%
Turkey Ardahan
0%
Tunisia Ariana
0%
Turkey Artvin
0%
Syria As-Suwayda
0%
Turkey Aydın
0%
Turkey Balıkesir
0%
Turkey Bartın
0%
Turkey Bayburt
0%
Tunisia Ben Arous
0%
Turkey Bilecik
0%
Turkey Bingöl
0%
Turkey Bitlis
0%
Sudan Blue Nile
0%
Suriname Brokopondo
0%
Turkey Burdur
0%
Turkey Çankırı
0%
Sudan Central Darfur
0%
Togo Centrale
0%
Suriname Commewijne
0%
Suriname Coronie
0%
Turkey Çorum
0%
Trinidad and Tobago Couva-Tabaquite-Talparo
0%
Sweden Dalarna
0%
Turkmenistan Daşoguz
0%
Syria Deir ez-Zor
0%
Turkey Denizli
0%
Trinidad and Tobago Diego Martin
0%
Tajikistan Districts of Republican Subordination
0%
Turkey Düzce
0%
Turkey Elazığ
0%
Turkey Erzincan
0%
Tonga 'Eua
0%
Tunisia Gabès
0%
Tunisia Gafsa
0%
Sweden Gävleborg
0%
Tanzania Geita
0%
Turkey Giresun
0%
Tajikistan Gorno-Badakhshan
0%
Turkey Gümüşhane
0%
Tonga Ha'apai
0%
Turkey Hakkâri
0%
Syria Hasaka
0%
Tanzania Iringa
0%
Spain Islas Alhucemas
0%
Spain Islas Chafarinas
0%
Turkey Isparta
0%
Sweden Jämtland
0%
Tunisia Jendouba
0%
Tanzania Kagera
0%
Turkey Kahramanmaraş
0%
Tunisia Kairouan
0%
Thailand Kakhon Phanom
0%
South Sudan Kapoeta
0%
Togo Kara
0%
Turkey Karabük
0%
Turkey Karaman
0%
Sudan Kassala
0%
Tunisia Kasserine
0%
Turkey Kastamonu
0%
Tanzania Katavi
0%
Tunisia Kebili
0%
Tunisia Kef
0%
Tajikistan Khatlon
0%
Tanzania Kigoma
0%
Turkey Kilis
0%
Turkey Kırıkkale
0%
Turkey Kırklareli
0%
Turkey Kırşehir
0%
Thailand Krabi
0%
Turkey Kütahya
0%
Turkmenistan Lebap
0%
Tanzania Lindi
0%
Tunisia Mahdia
0%
Turkey Malatya
0%
Turkey Manisa
0%
Tunisia Manouba
0%
Tanzania Manyara
0%
Tanzania Mara
0%
Togo Maritime
0%
Suriname Marowijne
0%
Trinidad and Tobago Mayaro-Rio Claro
0%
Tanzania Mbeya
0%
Tunisia Medenine
0%
Tanzania Mjini Magharibi
0%
Tunisia Monastir
0%
Tanzania Morogoro
0%
Tanzania Mtwara
0%
Turkey Muğla
0%
Turkey Muş
0%
Tunisia Nabeul
0%
Tuvalu Nanumanga
0%
Tuvalu Nanumea
0%
Turkey Nevşehir
0%
Suriname Nickerie
0%
Turkey Niğde
0%
Tuvalu Niulakita
0%
Tuvalu Niutao
0%
Tanzania Njombe
0%
Sri Lanka North Central
0%
Sudan North Kordofan
0%
Tuvalu Nui
0%
Tuvalu Nukufetau
0%
Tuvalu Nukulaelae
0%
Tonga Ongo Niua
0%
Turkey Ordu
0%
Sweden Örebro
0%
Turkey Osmaniye
0%
Sweden Östergötland
0%
Tanzania Pemba North
0%
Tanzania Pemba South
0%
Trinidad and Tobago Penal-Debe
0%
Spain Peñón de Vélez de la Gomera
0%
Thailand Phichit
0%
Thailand Phra Nakhon Si Ayutthaya
0%
Togo Plateaux
0%
Tanzania Pwani
0%
Syria Quneitra
0%
Syria Rif Dimashq
0%
Sudan River Nile
0%
Tanzania Rukwa
0%
Tanzania Ruvuma
0%
Sri Lanka Sabaragamuwa
0%
Turkey Sakarya
0%
Trinidad and Tobago Sangre Grande
0%
Trinidad and Tobago San Juan-Laventille
0%
Suriname Saramacca
0%
Togo Savanes
0%
Sudan Sennar
0%
Tanzania Shingyanga
0%
Tunisia Sidi Bouzid
0%
Turkey Siirt
0%
Tunisia Siliana
0%
Tanzania Simiyu
0%
Tanzania Singida
0%
Suriname Sipaliwini
0%
Trinidad and Tobago Siparia
0%
Turkey Şırnak
0%
Sweden Södermanland
0%
Tanzania Songwe
0%
Sudan South Kordofan
0%
Tajikistan Sughd
0%
Tanzania Tabora
0%
Tunisia Tataouine
0%
Turkey Tekirdağ
0%
Turkey Tokat
0%
Tonga Tongatapu
0%
Tunisia Tozeur
0%
Trinidad and Tobago Tunapuna-Piarco
0%
Turkey Tunceli
0%
Tanzania Unguja North
0%
Tanzania Unguja South
0%
Turkey Uşak
0%
Sri Lanka Uva
0%
Tuvalu Vaitupu
0%
Sweden Värmland
0%
Sweden Västerbotten
0%
Sweden Västernorrland
0%
Sweden Västmanland
0%
Sweden Västra Götaland
0%
Tonga Vava'u
0%
Suriname Wanica
0%
Sudan West Kordofan
0%
Sudan White Nile
0%
Turkey Yalova
0%
Turkey Yozgat
0%
Tunisia Zaghouan
0%
Turkey Zonguldak
0%
No matching quizzes found
Score Distribution
Percent of People with Each Score
Percentile by Number Answered
Your Score History
You have not taken this quiz